000 02118nam a2200457 c 4500
003 BLK
005 20240130153626.0
008 180408b bul|||||r ||||||| ||bul||
010 _aKNG00073398000
020 _a954-26-0397-5
_bиздат.: Хермес
020 _a978-954-26-0397-9
_bиздат.: Хермес
040 _aBLK
041 _aBUL
_cBUL
080 _aМедицина
_b61
_x(515)
_z61(515)
080 _aНехристиянски религии. Митология. Различни култове
_b29
_x(515)
_z29(515)
100 1 _aХансард, Кристофър
_eпърви автор
_9136090
700 1 _aАтанасова, Валентина
_eпрев. от англ.
_gТодорова, Валентина Атанасова
_9365692
139 _aХансард, Кристофър
_bХ 25
245 1 0 _aТибетското изкуство на живота
_bМъдро тяло, мъдър ум, мъдър живот
_cКристофър Хансард; прев. от англ. Валентина Атанасова.
257 _aGBR
260 Пловдив
_bХермес
_c2006
300 _a303 с.
_c20 см
380 _a61
500 _aОриг. загл. The Tibetian Art of Living / Christopher Hansard. - Офс. изд. - Азб. показалец. - Доп. тир. 2013.
650 4 _aМедицина, тибетска
_9264539
650 4 _aЖивот - религиознофилософски проблеми
_9248585
650 4 _aСмърт - религиозни и езотерични проблеми
_9247534
651 4 _aТибет
_9179656
653 _aтибетска медицина
653 _aкарма
653 _aхигиена на храненето
653 _aмедитация
653 _aсамолечение
653 _aсамоусъвършенстване
852 _aЦб 232670
856 4 _qpdf
_u
856 4 _qpdf
_u
942 _cKNG
_n0
_012
944 _aCR
_c23.03.2007
_lГалина Якимова
_k30564
944 _aED
_c14.04.2016
_lф /
_kПенка_Димитрова
999 _c69059
_d69059